000 00225nam a2200085Ia 4500
245 0 _aThe one you really want
100 _a MANSELL, Jill London, 2004
_995783
942 _cBK
008 210818s9999 xx 000 0 und d
999 _c450068
_d450067